000 00291 a2200109 4500
090 _c4845
_d4845
100 _aDavid N.Hyman
245 _aPublic Finance
_ba contemporary Application of Therory to Policy
250 _a8th ed
260 _aThomson
_bAustralia
_c2007
942 _aNBS
_cBK
_k336 HYM
999 _c347276
_d347276